00456nam a2200133 i 4500001000300000100001800003245011000021260002100131040000800152041000800160080001500168008004100183856009800224bg1 aBRODY, Andras 0aProporcje, ceny i planowanie :bmatematyczne ujęcie teorii wartości opartej na pracy /cAndras Brody. aWarszawa,c1976. cBPK apol a330:338:51 s pl f |000 0 pol  uhttp://koha.tu.koszalin.pl/cgi-bin/koha/opac-detail.pl?biblionumber=27244yKatalog online BPK